000
00198 a2200097 4500
001
8564
100
_a
Chawala har charn
245
_a
Dhai Akhar
260
_a
_b
Sang-e-Meel
_c
090
_c
6891
_d
6891
942
_a
NUST-CAE
_c
M
_c
33479
999
_c
243637
_d
243637